[Event "Monarch Assurance Isle of Man 15th"]
[Site "Port Erin IOM"]
[Date "2006.09.27"]
[Round "5.31"]
[White "Mannion, Stephen"]
[Black "Groffen, Hans"]
[Result "1-0"]
[WhiteElo "2346"]
[BlackElo "2171"]
[PlyCount "99"]
[EventDate "2006.09.23"]
[EventType "swiss"]
[EventRounds "9"]
[EventCountry "IOM"]

1. e4 c5 2. Nf3 Nc6 3. d4 cxd4 4. Nxd4 e5 5. Nb5 d6 6. N1c3 a6 7. Na3 b5 8. Nd5
Rb8 9. c4 b4 10. Nc2 Nf6 11. Bd3 Be7 12. b3 O-O 13. O-O Nd7 14. Bb2 Nc5 15.
Nce3 Bg5 16. Bc2 Be6 17. g3 Bxe3 18. Nxe3 Ne7 19. Qd2 Qb6 20. Rad1 Rbd8 21.
Rfe1 Bc8 22. Qe2 Bb7 23. Nd5 Nxd5 24. exd5 f5 25. Bc1 Rde8 26. Be3 Qc7 27. f4
e4 28. Bd4 Bc8 29. Qe3 Nd7 30. a3 a5 31. axb4 axb4 32. Qd2 Bb7 33. Qxb4 Bxd5
34. Be3 Nf6 35. Qb6 Rc8 36. Qxc7 Rxc7 37. Re2 Rfc8 38. Bb1 Bf7 39. Rxd6 Rb7 40.
Bc2 Ra8 41. Red2 h6 42. Rd8+ Rxd8 43. Rxd8+ Kh7 44. Bd4 Ng8 45. g4 Bg6 46. gxf5
Bxf5 47. Rf8 Rd7 48. Rxf5 Rxd4 49. Rd5 Rxd5 50. Bxe4+ 1-0

[Event "Monarch Assurance Isle of Man 15th"]
[Site "Port Erin IOM"]
[Date "2006.09.27"]
[Round "5.32"]
[White "Ashton, Adam"]
[Black "Fox, Anthony"]
[Result "1/2-1/2"]
[WhiteElo "2329"]
[BlackElo "2117"]
[PlyCount "63"]
[EventDate "2006.09.23"]
[EventType "swiss"]
[EventRounds "9"]
[EventCountry "IOM"]

1. e4 e5 2. Nf3 Nc6 3. Bb5 a6 4. Ba4 Nf6 5. O-O Be7 6. Re1 b5 7. Bb3 d6 8. c3
O-O 9. h3 Bb7 10. d4 Re8 11. Nbd2 Bf8 12. d5 Nb8 13. Nf1 Nbd7 14. Ng3 g6 15.
Nh2 h6 16. Ng4 Nxg4 17. Qxg4 Nf6 18. Qf3 Bg7 19. Be3 Rf8 20. a4 Kh7 21. c4 bxc4
22. Bxc4 Ng8 23. Bd3 Ne7 24. Ra3 Qd7 25. Bb1 c6 26. dxc6 Bxc6 27. Qd1 Rab8 28.
Bc1 Rfd8 29. a5 d5 30. exd5 Qxd5 31. Qxd5 Nxd5 32. Ne4 1/2-1/2

[Event "Monarch Assurance Isle of Man 15th"]
[Site "Port Erin IOM"]
[Date "2006.09.27"]
[Round "5.33"]
[White "Spanton, Tim"]
[Black "Devereaux, Max"]
[Result "0-1"]
[WhiteElo "2075"]
[BlackElo "2377"]
[PlyCount "43"]
[EventDate "2006.09.23"]
[EventType "swiss"]
[EventRounds "9"]
[EventCountry "IOM"]

1. e4 c5 2. Nf3 Nc6 3. Bb5 g6 4. Bxc6 dxc6 5. d3 Bg7 6. h3 e5 7. Be3 b6 8. Qd2
h6 9. Nc3 Ne7 10. Nh2 Be6 11. Ng4 f5 12. Bxh6 Bxh6 13. Nxh6 f4 14. g3 Rxh6 15.
gxf4 exf4 16. Qxf4 Rh5 17. O-O-O Qb8 18. Qe3 Qd6 19. d4 O-O-O 20. dxc5 Qxc5 21.
Rxd8+ Kxd8 22. Qf4 0-1

[Event "Monarch Assurance Isle of Man 15th"]
[Site "Port Erin IOM"]
[Date "2006.09.27"]
[Round "5.34"]
[White "Walton, Alan J"]
[Black "Fraser-Mitchell, Jeremy"]
[Result "1-0"]
[WhiteElo "2222"]
[BlackElo "2077"]
[PlyCount "85"]
[EventDate "2006.09.23"]
[EventType "swiss"]
[EventRounds "9"]
[EventCountry "IOM"]

1. d4 f5 2. Nc3 Nf6 3. Bg5 d5 4. Bxf6 exf6 5. e3 Be6 6. Bd3 Nc6 7. Qf3 Qd7 8.
a3 a6 9. Nge2 g6 10. h4 O-O-O 11. Nf4 Bf7 12. O-O-O h5 13. Kb1 Bh6 14. g3 Kb8
15. Bf1 Ne7 16. Nd3 Nc8 17. Nc5 Qe7 18. Bd3 c6 19. Qe2 Nd6 20. Na2 Nc4 21. a4
a5 22. b3 b5 23. Qe1 Qa7 24. bxc4 dxc4 25. Be2 Bd5 26. Nc3 Bxh1 27. Qxh1 Qb6
28. Ka1 b4 29. Bxc4 Ka7 30. Ne2 Bf8 31. Nb3 Rh7 32. Nf4 g5 33. Ne6 Re8 34. Nxf8
Rxf8 35. Qf3 f4 36. gxf4 g4 37. Qe4 f5 38. Qe5 Rd7 39. Nxa5 c5 40. Nb3 cxd4 41.
Nxd4 Rfd8 42. a5 Qb7 43. Qxf5 1-0

[Event "Monarch Assurance Isle of Man 15th"]
[Site "Port Erin IOM"]
[Date "2006.09.27"]
[Round "5.35"]
[White "De Lagontrie, Jean"]
[Black "Collier, David"]
[Result "0-1"]
[WhiteElo "1974"]
[BlackElo "2175"]
[PlyCount "58"]
[EventDate "2006.09.23"]
[EventType "swiss"]
[EventRounds "9"]
[EventCountry "IOM"]

1. d4 Nf6 2. c4 e6 3. Nc3 Bb4 4. e3 O-O 5. Nge2 b6 6. a3 Bxc3+ 7. Nxc3 Bb7 8.
d5 d6 9. e4 c6 10. Be2 cxd5 11. cxd5 exd5 12. exd5 Re8 13. O-O Nbd7 14. Bf4 Ne5
15. Bb5 Nfd7 16. Re1 a6 17. Ba4 b5 18. Bc2 Nf6 19. h3 h6 20. Re3 Qd7 21. Qd4
Rac8 22. Bb3 Qf5 23. Rae1 Nd3 24. Rxe8+ Nxe8 25. Re7 Nxf4 26. Rxb7 Rxc3 27. Bd1
Rd3 28. Qa7 Rxd1+ 29. Kh2 Nxd5 0-1

[Event "Monarch Assurance Isle of Man 15th"]
[Site "Port Erin IOM"]
[Date "2006.09.27"]
[Round "5.36"]
[White "Hutchinson, Norman A"]
[Black "Henderikse, Bert"]
[Result "1-0"]
[WhiteElo "2107"]
[BlackElo "2019"]
[PlyCount "53"]
[EventDate "2006.09.23"]
[EventType "swiss"]
[EventRounds "9"]
[EventCountry "IOM"]

1. e4 c6 2. d4 d5 3. e5 c5 4. dxc5 Nc6 5. Bb5 e6 6. Be3 Bd7 7. Bxc6 Bxc6 8. Nf3
Ne7 9. c3 Nf5 10. Bd4 Nxd4 11. Qxd4 Be7 12. O-O O-O 13. Nbd2 a5 14. b4 Qd7 15.
Rfd1 Rfc8 16. Nc4 Bd8 17. Qf4 Rcb8 18. Nd6 b6 19. Nd4 Ba4 20. c6 Qe7 21. Rd3
axb4 22. cxb4 b5 23. Rg3 Bc7 24. Qh6 Qf8 25. Nxe6 fxe6 26. Qxe6+ Kh8 27. Rf3
1-0

[Event "Monarch Assurance Isle of Man 15th"]
[Site "Port Erin IOM"]
[Date "2006.09.27"]
[Round "5.37"]
[White "Fabri, Henrik"]
[Black "Savory, Richard J"]
[Result "0-1"]
[WhiteElo "1940"]
[BlackElo "2101"]
[PlyCount "102"]
[EventDate "2006.09.23"]
[EventType "swiss"]
[EventRounds "9"]
[EventCountry "IOM"]

1. d4 d5 2. Nf3 Nf6 3. c4 c6 4. Nc3 dxc4 5. a4 Bf5 6. e3 e6 7. Bxc4 Bb4 8. O-O
O-O 9. Qb3 Qe7 10. Bd2 Bd6 11. Rfe1 Ne4 12. Rad1 Nd7 13. Bc1 Ndf6 14. Ne5 Nxc3
15. bxc3 Bxe5 16. dxe5 Ng4 17. e4 Bg6 18. Bf4 Qc5 19. Rd4 Nxe5 20. Bxe5 Qxe5
21. Qxb7 c5 22. Rd3 Rab8 23. Qd7 Rb2 24. f3 Qg5 25. g3 h5 26. Qd6 Rfb8 27. Bb5
Rc8 28. c4 h4 29. Qf4 Qxf4 30. gxf4 h3 31. Red1 Rg2+ 32. Kh1 Bh5 33. Rg1 Rf2
34. Re1 Rb8 35. Kg1 Rg2+ 36. Kf1 a6 37. Re2 axb5 38. axb5 Rxe2 39. Kxe2 Kf8 40.
Rd6 Rc8 41. Rd7 Ke8 42. Ra7 Kd8 43. Kf2 Rc7 44. b6 Rc8 45. Ra5 Kd7 46. b7 Rb8
47. Rxc5 g6 48. Kg3 Rxb7 49. f5 Rb3 50. fxe6+ Kxe6 51. Kxh3 Rxf3+ 0-1

[Event "Monarch Assurance Isle of Man 15th"]
[Site "Port Erin IOM"]
[Date "2006.09.27"]
[Round "5.38"]
[White "Fairbairn, Stephen"]
[Black "Werner, Gert"]
[Result "1-0"]
[WhiteElo "2088"]
[BlackElo "2069"]
[PlyCount "73"]
[EventDate "2006.09.23"]
[EventType "swiss"]
[EventRounds "9"]
[EventCountry "IOM"]

1. c4 g6 2. d4 Bg7 3. Nc3 d6 4. e4 Nf6 5. Nf3 O-O 6. g3 Nbd7 7. Bg2 e5 8. O-O
a6 9. h3 b5 10. cxb5 axb5 11. dxe5 dxe5 12. Re1 Bb7 13. Nxb5 Nxe4 14. Qc2 Nd6
15. Nxd6 cxd6 16. Nxe5 Bxg2 17. Nxd7 Qxd7 18. Kxg2 Rfc8 19. Qd3 Qc6+ 20. Qf3
Qxf3+ 21. Kxf3 Rcb8 22. Re2 Ra3+ 23. Kg2 Rba8 24. Bf4 h6 25. bxa3 Bxa1 26. Bxd6
Kg7 27. Kf3 Kf6 28. Be7+ Kg7 29. Ke3 Bf6 30. Bb4 Be5 31. Kd3 Kf6 32. Kc4 Bc7
33. Kb3 Ba5 34. Bxa5 Rxa5 35. a4 g5 36. Kb4 Ra8 37. a5 1-0

[Event "Monarch Assurance Isle of Man 15th"]
[Site "Port Erin IOM"]
[Date "2006.09.27"]
[Round "5.39"]
[White "Lunn, Timothy"]
[Black "Nicholson, John"]
[Result "1-0"]
[WhiteElo "2079"]
[BlackElo "1945"]
[PlyCount "47"]
[EventDate "2006.09.23"]
[EventType "swiss"]
[EventRounds "9"]
[EventCountry "IOM"]

1. d4 Nf6 2. c4 e6 3. Nc3 Bb4 4. Qc2 O-O 5. a3 Bxc3+ 6. Qxc3 b5 7. cxb5 c6 8.
Bg5 cxb5 9. e3 a6 10. Bd3 h6 {(=)} 11. Bh4 Bb7 12. f3 d5 13. Ne2 Nbd7 14. O-O
Rc8 15. Qd2 e5 16. Bf5 g5 17. dxe5 Rc4 18. Bxg5 hxg5 19. exf6 Ne5 20. f4 gxf4
21. Nxf4 Qxf6 22. Nd3 Ng6 23. Rf3 Nh4 24. Bh7+ 1-0

[Event "Monarch Assurance Isle of Man 15th"]
[Site "Port Erin IOM"]
[Date "2006.09.27"]
[Round "5.40"]
[White "Henrichsen, Jens"]
[Black "Majer, Chris"]
[Result "1/2-1/2"]
[WhiteElo "2106"]
[BlackElo "1991"]
[PlyCount "36"]
[EventDate "2006.09.23"]
[EventType "swiss"]
[EventRounds "9"]
[EventCountry "IOM"]

1. d4 Nf6 2. c4 c5 3. d5 b5 4. cxb5 a6 5. f3 e6 6. e4 axb5 7. Bxb5 Ba6 8. Bxa6
Nxa6 9. Nc3 c4 10. Nh3 Bc5 11. g3 Nb4 12. Kf1 Nd3 13. Kg2 O-O 14. Rf1 Qa5 15.
Nf4 Nxc1 16. Qxc1 Rfb8 17. a4 Qb4 18. Rb1 h6 1/2-1/2

[Event "Monarch Assurance Isle of Man 15th"]
[Site "Port Erin IOM"]
[Date "2006.09.27"]
[Round "5.41"]
[White "Cafolla, Peter"]
[Black "Ormsby, Alan"]
[Result "1-0"]
[WhiteElo "2062"]
[BlackElo "1939"]
[PlyCount "63"]
[EventDate "2006.09.23"]
[EventType "swiss"]
[EventRounds "9"]
[EventCountry "IOM"]

1. Nf3 d5 2. g3 Nf6 3. Bg2 c5 4. O-O Nc6 5. d3 Bg4 6. h3 Bh5 7. c4 d4 8. Re1 e6
9. e3 dxe3 10. Bxe3 Be7 11. Nc3 O-O 12. g4 Bg6 13. d4 cxd4 14. Nxd4 Nxd4 15.
Qxd4 Qc8 16. Rad1 Rd8 17. Qf4 Rd7 18. Rxd7 Nxd7 19. Rd1 Nc5 20. Qf3 Nd3 21. b3
Bb4 22. Na4 b5 23. Qxa8 Qxa8 24. Bxa8 bxa4 25. Bxa7 a3 26. c5 Kf8 27. c6 Ke7
28. Bb7 Bd6 29. Bb6 Be4 30. Ba6 Nb4 31. c7 Bxc7 32. Bc5+ 1-0

[Event "Monarch Assurance Isle of Man 15th"]
[Site "Port Erin IOM"]
[Date "2006.09.28"]
[Round "6.1"]
[White "Bartel, Mateusz"]
[Black "Krasenkow, Michal"]
[Result "1/2-1/2"]
[WhiteElo "2561"]
[BlackElo "2635"]
[PlyCount "67"]
[EventDate "2006.09.23"]
[EventType "swiss"]
[EventRounds "9"]
[EventCountry "IOM"]

1. e4 c5 2. Nf3 Nc6 3. Nc3 Nf6 4. Bb5 Qc7 5. O-O Nd4 6. Re1 a6 7. Bf1 e5 8. h3
b5 9. a4 b4 10. Nd5 Nxd5 11. exd5 Nxf3+ 12. Qxf3 d6 13. c3 bxc3 14. dxc3 Be7
15. Qg3 O-O 16. f4 Bf6 17. Bc4 Kh8 18. b3 a5 19. Ra2 Ba6 20. Bxa6 Rxa6 21. c4
Rb6 22. fxe5 Bxe5 23. Bf4 f6 24. Rf2 Bd4 25. Re6 Bxf2+ 26. Qxf2 Rd8 27. Qe1 Qb8
28. Re7 Rxb3 29. Bxd6 Qc8 30. Bc7 Rg8 31. Qe4 Ra3 32. d6 Ra1+ 33. Kh2 Rd1 34.
Qe6 1/2-1/2

[Event "Monarch Assurance Isle of Man 15th"]
[Site "Port Erin IOM"]
[Date "2006.09.28"]
[Round "6.2"]
[White "Socko, Bartosz"]
[Black "Akopian, Vladimir"]
[Result "1/2-1/2"]
[WhiteElo "2621"]
[BlackElo "2713"]
[PlyCount "58"]
[EventDate "2006.09.23"]
[EventType "swiss"]
[EventRounds "9"]
[EventCountry "IOM"]

1. e4 e5 2. Nf3 Nc6 3. Bb5 a6 4. Bxc6 dxc6 5. O-O f6 6. d4 exd4 7. Nxd4 c5 8.
Ne2 Qxd1 9. Rxd1 Bd7 10. Nbc3 O-O-O 11. Be3 Re8 12. Rd2 Bc6 13. Rad1 b6 14. f3
Ne7 15. Nf4 Ng6 16. Nxg6 hxg6 17. Bf4 Be7 18. Nd5 Bd8 19. c4 g5 20. Bg3 g4 21.
Re1 gxf3 22. gxf3 g5 23. Ne3 Bd7 24. Red1 Be6 25. b3 Rh7 26. Kf2 Rf8 27. Nf5
Re8 28. Ne3 Rf8 29. Nf5 Re8 1/2-1/2

[Event "Monarch Assurance Isle of Man 15th"]
[Site "Port Erin IOM"]
[Date "2006.09.28"]
[Round "6.3"]
[White "Shabalov, Alexander"]
[Black "Areshchenko, Alexander"]
[Result "1/2-1/2"]
[WhiteElo "2604"]
[BlackElo "2641"]
[PlyCount "46"]
[EventDate "2006.09.23"]
[EventType "swiss"]
[EventRounds "9"]
[EventCountry "IOM"]

1. e4 c5 2. Nf3 d6 3. d4 cxd4 4. Nxd4 Nf6 5. Nc3 a6 6. Bg5 e6 7. f4 Qb6 8. Qd2
Qxb2 9. Rb1 Qa3 10. e5 dxe5 11. fxe5 Nfd7 12. Ne4 h6 13. Bb5 hxg5 14. Rb3 Qxa2
15. Qc3 axb5 16. Qxc8+ Ke7 17. O-O Qa7 18. Rd3 Nxe5 19. Nc5 Nbd7 20. Nf5+ exf5
21. Rxd7+ Kf6 22. Rxf7+ Kg6 23. Qxf5+ Kh6 1/2-1/2

[Event "Monarch Assurance Isle of Man 15th"]
[Site "Port Erin IOM"]
[Date "2006.09.28"]
[Round "6.4"]
[White "Kobalia, Mikhail"]
[Black "Yakovich, Yuri"]
[Result "1-0"]
[WhiteElo "2647"]
[BlackElo "2583"]
[PlyCount "123"]
[EventDate "2006.09.23"]
[EventType "swiss"]
[EventRounds "9"]
[EventCountry "IOM"]

1. e4 c5 2. Nf3 Nc6 3. Bb5 g6 4. Bxc6 dxc6 5. d3 Bg7 6. h3 b6 7. a3 Nh6 8. Nc3
O-O 9. O-O f6 10. b4 cxb4 11. axb4 Nf7 12. Ra3 f5 13. exf5 gxf5 14. Bb2 e5 15.
Qa1 Bb7 16. Ne2 c5 17. bxc5 Bxf3 18. gxf3 Qh4 19. Kh2 Rae8 20. Ra4 f4 21. Rxa7
Re6 22. Ra8 bxc5 23. Qa2 Rh6 24. Rxf8+ Bxf8 25. Rg1+ Rg6 26. Rxg6+ hxg6 27. Kg2
Qg5+ 28. Kf1 Qf5 29. Ng1 Be7 30. Qd5 Kg7 31. Ke1 Kf6 32. Ne2 Ng5 33. h4 Ne6 34.
Nc3 Nd4 35. Ne4+ Kg7 36. Nxc5 Bxc5 37. Qxc5 Nxf3+ 38. Kd1 Qg4 39. Bc3 Nd4+ 40.
Kc1 Ne2+ 41. Kd2 Nxc3 42. Qxe5+ Kf7 43. Qc7+ Ke8 44. Qc6+ Kf7 45. Qc4+ Kf8 46.
Qxc3 Qxh4 47. Qd4 Qg5 48. c4 Qa5+ 49. Ke2 Qh5+ 50. Ke1 g5 51. c5 Qh1+ 52. Ke2
Qh5+ 53. Kd2 Qf3 54. Kc3 Qd1 55. Qd6+ Kf7 56. c6 Qa1+ 57. Kb4 Qb2+ 58. Ka5 Qxf2
59. c7 Qa7+ 60. Kb5 Qb7+ 61. Kc5 Qa7+ 62. Kb4 1-0

[Event "Monarch Assurance Isle of Man 15th"]
[Site "Port Erin IOM"]
[Date "2006.09.28"]
[Round "6.5"]
[White "Neverov, Valeriy"]
[Black "Korneev, Oleg"]
[Result "1-0"]
[WhiteElo "2556"]
[BlackElo "2638"]
[PlyCount "127"]
[EventDate "2006.09.23"]
[EventType "swiss"]
[EventRounds "9"]
[EventCountry "IOM"]

1. c4 e5 2. Nc3 Nf6 3. Nf3 Nc6 4. g3 Bc5 5. Bg2 d6 6. d3 h6 7. O-O a6 8. a3 O-O
9. b4 Ba7 10. Bb2 Re8 11. Nd5 Nxd5 12. cxd5 Ne7 13. Nd2 c6 14. dxc6 Nxc6 15.
Rc1 Bg4 16. h3 Be6 17. e3 Qd7 18. Kh2 Rac8 19. Ne4 f5 20. Nc3 f4 21. exf4 exf4
22. Nd5 fxg3+ 23. fxg3 Ne5 24. Rxc8 Rxc8 25. Bc1 Rf8 26. Rxf8+ Kxf8 27. d4 Nc6
28. Be3 Bxd5 29. Bxd5 Qf5 30. Bg2 Qf6 31. Qg4 Qe7 32. Bf2 Nd8 33. Qc8 Ke8 34.
a4 Qd7 35. Qc4 Kf8 36. b5 axb5 37. axb5 Bb6 38. Bd5 Qf5 39. Kg2 Ke7 40. h4 g5
41. Qe2+ Kf6 42. Qf3 Qxf3+ 43. Kxf3 gxh4 44. gxh4 Kg7 45. Kg4 Kf6 46. Be3 Kg6
47. h5+ Kg7 48. Kf5 Bc7 49. Bf2 Bb6 50. Bh4 Bc7 51. Bf6+ Kh7 52. Be6 Bb6 53.
Bc8 Bc7 54. d5 Bb6 55. Be7 Bc7 56. Kf6 Kg8 57. Kg6 b6 58. Bf6 Kf8 59. Bg7+ Ke7
60. Bf6+ Kf8 61. Be6 Nxe6 62. dxe6 d5 63. Kxh6 Bf4+ 64. Kg6 1-0

[Event "Monarch Assurance Isle of Man 15th"]
[Site "Port Erin IOM"]
[Date "2006.09.28"]
[Round "6.6"]
[White "Greenfeld, Alon"]
[Black "Volkov, Sergey1"]
[Result "0-1"]
[WhiteElo "2551"]
[BlackElo "2628"]
[PlyCount "52"]
[EventDate "2006.09.23"]
[EventType "swiss"]
[EventRounds "9"]
[EventCountry "IOM"]

1. d4 d5 2. c4 c6 3. Nf3 Nf6 4. Nc3 a6 5. a4 Nbd7 6. cxd5 cxd5 7. Bf4 e6 8. e3
Nh5 9. Bg5 Qb6 10. Qc2 h6 11. Bh4 g5 12. Bg3 Nxg3 13. hxg3 g4 14. Nh4 Nf6 15.
Bd3 Bd7 16. O-O Rc8 17. Qe2 Bg7 18. e4 dxe4 19. Nxe4 Nxe4 20. Bxe4 O-O 21. Rfd1
f5 22. Bb1 Bxd4 23. Ng6 Rfe8 24. Qd2 Bg7 25. a5 Qxb2 26. Qxd7 Rcd8 0-1

[Event "Monarch Assurance Isle of Man 15th"]
[Site "Port Erin IOM"]
[Date "2006.09.28"]
[Round "6.7"]
[White "Kazhgaleyev, Murtas"]
[Black "Vijayalakshmi, Subbaraman"]
[Result "0-1"]
[WhiteElo "2606"]
[BlackElo "2417"]
[PlyCount "120"]
[EventDate "2006.09.23"]
[EventType "swiss"]
[EventRounds "9"]
[EventCountry "IOM"]

1. d4 Nf6 2. c4 e6 3. Nf3 b6 4. g3 Bb7 5. Bg2 Be7 6. Nc3 O-O 7. Qc2 c5 8. d5
exd5 9. Ng5 Na6 10. Nxd5 Bxd5 11. cxd5 d6 12. a3 b5 13. b3 h6 14. h4 c4 15. b4
Nc7 16. Bb2 Re8 17. Bf3 a5 18. bxa5 Na6 19. Bc3 Nc5 20. Kf1 Nb3 21. Rd1 Rxa5
22. Bh5 hxg5 23. hxg5 Rxa3 24. Rh4 Ra7 25. Bxf6 g6 26. Bxg6 Bxf6 27. gxf6 Qxf6
28. Rg4 Kf8 29. Kg2 Ke7 30. Rh1 Kd8 31. Rh7 Ree7 32. Bh5 Kc7 33. Rf4 Qe5 34.
Rf5 Qd4 35. Rhxf7 Rxf7 36. Bxf7 Kb6 37. Rf4 Qg7 38. Be6 Nc5 39. Qc1 Qe5 40. Bg4
Ra1 41. Qc2 Qxd5+ 42. f3 Qd1 43. Qxd1 Rxd1 44. Bf5 c3 45. g4 Nd3 46. Bxd3 Rxd3
47. exd3 c2 48. g5 c1=Q 49. Rg4 Qb2+ 50. Kg3 Qg7 51. g6 Kc5 52. f4 Kd5 53. Rg5+
Ke6 54. Kf3 b4 55. Ke4 b3 56. Rb5 Qc3 57. Rg5 Qe1+ 58. Kf3 Qh4 59. Rb5 Qh1+ 60.
Ke3 Qc1+ 0-1

[Event "Monarch Assurance Isle of Man 15th"]
[Site "Port Erin IOM"]
[Date "2006.09.28"]
[Round "6.8"]
[White "Landa, Konstantin"]
[Black "Iordachescu, Viorel"]
[Result "1/2-1/2"]
[WhiteElo "2584"]
[BlackElo "2603"]
[PlyCount "28"]
[EventDate "2006.09.23"]
[EventType "swiss"]
[EventRounds "9"]
[EventCountry "IOM"]

1. e4 e5 2. Nf3 Nf6 3. Nxe5 d6 4. Nf3 Nxe4 5. Nc3 Nxc3 6. dxc3 Be7 7. Bf4 Nc6
8. Qd2 Be6 9. O-O-O Qd7 10. Kb1 a6 11. Nd4 Nxd4 12. cxd4 d5 13. Bd3 O-O-O 14.
Rhe1 Rhe8 1/2-1/2

[Event "Monarch Assurance Isle of Man 15th"]
[Site "Port Erin IOM"]
[Date "2006.09.28"]
[Round "6.10"]
[White "Sriram, Jha"]
[Black "Efimenko, Zahar"]
[Result "0-1"]
[WhiteElo "2408"]
[BlackElo "2632"]
[PlyCount "126"]
[EventDate "2006.09.23"]
[EventType "swiss"]
[EventRounds "9"]
[EventCountry "IOM"]

1. d4 Nf6 2. c4 e6 3. Nf3 c5 4. d5 exd5 5. cxd5 d6 6. Nc3 g6 7. Nd2 Bg7 8. e4
O-O 9. Be2 Re8 10. O-O Na6 11. f3 Nc7 12. a4 Nd7 13. Kh1 b6 14. Nb5 Nxb5 15.
Bxb5 Rf8 16. Nc4 Ne5 17. Nxe5 Bxe5 18. f4 Bd4 19. f5 Be5 20. Qg4 Kh8 21. Ra3
gxf5 22. exf5 Rg8 23. Qh5 f6 24. Bc6 Rb8 25. Bf4 Ba6 26. Rh3 Rg7 27. Bh6 Re7
28. Re1 Bb7 29. Qh4 Rf7 30. Bxb7 Rbxb7 31. b3 Rbe7 32. Qc4 Qd7 33. Rf3 Qb7 34.
g4 a6 35. h4 b5 36. Qd3 Bd4 37. Rxe7 Rxe7 38. axb5 Qxd5 39. Kg2 axb5 40. Qxb5
Qe4 41. Bf4 Qe1 42. g5 Rg7 43. Qb8+ Rg8 44. Qxd6 Qg1+ 45. Kh3 h5 46. Qc6 Qg4+
47. Kh2 Qxh4+ 48. Kg2 Qg4+ 49. Kh2 Qxf5 50. Qd6 Re8 51. Rg3 Re2+ 52. Rg2 Rxg2+
53. Kxg2 Qc2+ 54. Kh3 Qf5+ 55. Kg2 Qg4+ 56. Kh2 Qxf4+ 57. Qxf4 Be5 58. Kg3 h4+
59. Kxh4 Bxf4 60. gxf6 Kg8 61. Kg4 Bd2 62. Kf5 Kf7 63. Ke5 Bb4 0-1

[Event "Monarch Assurance Isle of Man 15th"]
[Site "Port Erin IOM"]
[Date "2006.09.28"]
[Round "6.11"]
[White "Malakhatko, Vadim"]
[Black "Cox, John J"]
[Result "1-0"]
[WhiteElo "2594"]
[BlackElo "2418"]
[PlyCount "93"]
[EventDate "2006.09.23"]
[EventType "swiss"]
[EventRounds "9"]
[EventCountry "IOM"]

1. d4 Nf6 2. c4 e6 3. Nf3 Nc6 4. a3 d6 5. Nc3 g6 6. e4 Bg7 7. h3 O-O 8. Bg5 h6
9. Be3 Re8 10. Bd3 Nd7 11. Be2 Nb6 12. O-O Kh7 13. Rc1 a6 14. b4 d5 15. exd5
exd5 16. c5 Nc4 17. Bxc4 dxc4 18. d5 Ne5 19. Nxe5 Bxe5 20. Bd4 Qh4 21. Bxe5
Rxe5 22. Qf3 Bf5 23. Rce1 Rxe1 24. Rxe1 Kg7 25. d6 cxd6 26. Qxb7 Rf8 27. Qd5
dxc5 28. Qxc5 Rd8 29. a4 Qd4 {(=)} 30. Qxd4+ Rxd4 31. Rd1 Rxd1+ 32. Nxd1 Kf6
33. f4 g5 34. fxg5+ hxg5 35. Kf2 Ke5 36. Ke3 Be4 37. g3 f5 38. b5 f4+ 39. gxf4+
gxf4+ 40. Kd2 axb5 41. axb5 Kd4 42. h4 Kc5 43. h5 Bd3 44. Nc3 Kd4 45. b6 f3 46.
b7 f2 47. Ne2+ 1-0

[Event "Monarch Assurance Isle of Man 15th"]
[Site "Port Erin IOM"]
[Date "2006.09.28"]
[Round "6.13"]
[White "Ikonnikov, Vyacheslav"]
[Black "Zatonskih, Anna"]
[Result "0-1"]
[WhiteElo "2587"]
[BlackElo "2432"]
[PlyCount "80"]
[EventDate "2006.09.23"]
[EventType "swiss"]
[EventRounds "9"]
[EventCountry "IOM"]

1. d4 d5 2. Nf3 Nf6 3. c4 e6 4. Nc3 Be7 5. Bg5 h6 6. Bh4 O-O 7. e3 Ne4 8. Bg3
Bb4 9. Qc2 c5 10. Bd3 cxd4 11. exd4 Nxg3 12. hxg3 dxc4 13. Bxc4 Nd7 14. g4 Qc7
15. Bb3 Re8 16. g5 Bxc3+ 17. bxc3 a5 18. gxh6 g6 19. h7+ Kh8 20. Ng5 Re7 21.
Kf1 b6 22. Kg1 Bb7 23. Re1 Qf4 24. Ne4 a4 25. Bc4 Nf6 26. Nxf6 Qxf6 27. Re5 Rc8
28. Bf1 Rec7 29. Rh3 Bd5 30. Qxa4 Ra8 31. Qb4 Rca7 32. Re2 Bxa2 33. Qxb6 Bd5
34. Qd6 Ra1 35. f4 Bc4 36. Rf2 Qf5 37. g4 Rxf1+ 38. Kg2 Qxg4+ 39. Rg3 Rxf2+ 40.
Kxf2 Ra2+ 0-1

[Event "Monarch Assurance Isle of Man 15th"]
[Site "Port Erin IOM"]
[Date "2006.09.28"]
[Round "6.14"]
[White "Kiriakov, Petr"]
[Black "Haslinger, Stewart"]
[Result "1/2-1/2"]
[WhiteElo "2554"]
[BlackElo "2423"]
[PlyCount "64"]
[EventDate "2006.09.23"]
[EventType "swiss"]
[EventRounds "9"]
[EventCountry "IOM"]

1. d4 d5 2. c4 c6 3. Nc3 Nf6 4. e3 a6 5. Qc2 e6 6. a3 Nbd7 7. Nf3 Bd6 8. e4
dxe4 9. Nxe4 Nxe4 10. Qxe4 Nf6 11. Qc2 O-O 12. Bd3 b6 13. Bg5 h6 14. Bxf6 Qxf6
15. Be4 e5 16. dxe5 Bxe5 17. Nxe5 Qxe5 18. O-O Be6 19. Rfe1 Qc5 20. Rac1 a5 21.
Qc3 Rfe8 22. b4 axb4 23. axb4 Qxc4 24. Qxc4 Bxc4 25. Rxc4 f5 26. g4 fxe4 27.
Rxc6 Ra2 28. Rxb6 Rf8 29. Rf1 Rf4 30. h3 Rb2 31. b5 Rf3 32. Re6 Rxh3 1/2-1/2

[Event "Monarch Assurance Isle of Man 15th"]
[Site "Port Erin IOM"]
[Date "2006.09.28"]
[Round "6.15"]
[White "Kuzubov, Yuriy"]
[Black "Palliser, Richard JD"]
[Result "1-0"]
[WhiteElo "2554"]
[BlackElo "2413"]
[PlyCount "39"]
[EventDate "2006.09.23"]
[EventType "swiss"]
[EventRounds "9"]
[EventCountry "IOM"]

1. d4 Nf6 2. c4 e6 3. Nc3 Bb4 4. e3 c5 5. Bd3 Nc6 6. Nf3 Bxc3+ 7. bxc3 d6 8.
O-O e5 9. Qc2 O-O 10. d5 Ne7 11. Ne1 Qc7 12. a4 Bd7 13. f4 exf4 14. exf4 Kh8
15. f5 Neg8 16. h3 Bc8 17. Qf2 Nd7 18. f6 Ngxf6 19. Qh4 Ne5 20. Rxf6 1-0

[Event "Monarch Assurance Isle of Man 15th"]
[Site "Port Erin IOM"]
[Date "2006.09.28"]
[Round "6.16"]
[White "Bobras, Piotr"]
[Black "Ledger, Andrew J"]
[Result "1-0"]
[WhiteElo "2535"]
[BlackElo "2411"]
[PlyCount "79"]
[EventDate "2006.09.23"]
[EventType "swiss"]
[EventRounds "9"]
[EventCountry "IOM"]

1. e4 e5 2. d4 exd4 3. Nf3 Bb4+ 4. c3 dxc3 5. Nxc3 Ne7 6. Qd4 Bxc3+ 7. Qxc3 O-O
8. b3 d5 9. Bb2 f6 10. O-O-O Qd6 11. exd5 Nd7 12. Bd3 Nb6 13. Qc2 h6 14. Rhe1
Nexd5 15. h3 Bd7 16. Kb1 Rfe8 17. Bh7+ Kh8 18. Be4 c6 19. g4 a5 20. a3 Rac8 21.
Qd3 Qc7 22. Ka1 Nf4 23. Qd2 Ng2 24. Bxf6 Kg8 25. Bb2 Nxe1 26. Rxe1 Be6 27. Bb1
Nd7 28. g5 Nc5 29. Nd4 Bd5 30. gxh6 Rxe1 31. Qxe1 Rf8 32. hxg7 Qxg7 33. Bc2 Qg2
34. Qe7 Ne4 35. Ne6 Ra8 36. f3 Qg6 37. Nc7 Qg1+ 38. Ka2 a4 39. Nxd5 cxd5 40.
Qe6+ 1-0

[Event "Monarch Assurance Isle of Man 15th"]
[Site "Port Erin IOM"]
[Date "2006.09.28"]
[Round "6.18"]
[White "Quillan, Gary"]
[Black "Al Sayed, Mohamad"]
[Result "1-0"]
[WhiteElo "2344"]
[BlackElo "2492"]
[PlyCount "77"]
[EventDate "2006.09.23"]
[EventType "swiss"]
[EventRounds "9"]
[EventCountry "IOM"]

1. e4 e6 2. d4 d5 3. Nd2 c5 4. Ngf3 Nf6 5. e5 Nfd7 6. c3 Nc6 7. Bd3 Qb6 8. O-O
Be7 9. Re1 cxd4 10. cxd4 Nxd4 11. Nxd4 Qxd4 12. Nf3 Qb4 13. a3 Qa5 14. Bd2 Qd8
15. Nd4 Nc5 16. Bc2 Bd7 17. b4 Ne4 18. Bxe4 dxe4 19. Qg4 g6 20. Qxe4 Qb6 21.
Bh6 O-O-O 22. Be3 Kb8 23. Qf3 Be8 24. Red1 Qa6 25. a4 Rd5 26. Nb5 Rxd1+ 27.
Qxd1 Bc6 28. Bxa7+ Kc8 29. Bc5 Bxc5 30. bxc5 Rd8 31. Nd6+ Kb8 32. a5 Rd7 33.
Qc2 Rc7 34. Qc3 Bd5 35. Qb4 Qc6 36. Qh4 Qd7 37. a6 Rxc5 38. a7+ Ka8 39. Qf6 1-0